Normal view
MARC view
- JAMSHED, SHAMOON
Entry Personal Name
001 - CONTROL NUMBER
- control field: 124354
003 - CONTROL NUMBER IDENTIFIER
- control field: NUST
005 - DATE AND TIME OF LATEST TRANSACTION
- control field: 20240710111144.0
008 - FIXED-LENGTH DATA ELEMENTS
- fixed length control field: 240710|| aca||aabn | a|a d
040 ## - CATALOGING SOURCE
- Original cataloging agency: NUST
- Transcribing agency: NUST
100 ## - HEADING--PERSONAL NAME
- Personal name: JAMSHED, SHAMOON
670 ## - SOURCE DATA FOUND
- Source citation: Work cat.: (NUST): JAMSHED, SHAMOON, NUMERICAL ANALYSIS OF HEAT TRANSFER FLOW IN VARIOUS TEXTURED TUBES AND SURFACES/
